000 00494nam a22001697a 4500
003 gtgcuscq
005 20250828164314.0
007 ta
008 250828b |||||||| |||| 00| 0 sp d
040 _agtgcuscq
_bspa
_cgtgcuscq
_dgtgcuscq
_eRDA
082 _aUSAC 340.11 P467
110 _aFacultad de Ciencias Jurídicas y Sociales
_915074
245 1 0 _aPerspectivas del derecho natural. - -
_cUSAC
_hLibro
260 _aGuatemala:
_bUSAC;
_c(s.f.)
300 _a108 p.;
_c21 cm.;
942 _2ddc
_cBK
_n0
999 _c6422
_d6422